| 000 | 00474nam a2200157Ia 4500 | ||
|---|---|---|---|
| 008 | 160105s9999 xx 000 0 und d | ||
| 041 | _afre | ||
| 245 | _aLes conditions socio-économiques de la mise en valeur du périmètre irrigué d'Abadla | ||
| 260 | _bINRAA | ||
| 260 | _c1968 | ||
| 653 | _aABADLA | ||
| 654 | _xSOCIOLOGIE/ECONOMIE/VULGARISATION/NOMADISME/BARRAGE/PERIMETRE IRRIGUE/ALGERIE | ||
| 942 | _c09 | ||
| 994 | _a113443 | ||
| 999 |
_c13243 _d41241 |
||